<?xml version="1.0" encoding="UTF-8"?><?xml-stylesheet type="text/xsl" href="static/style.xsl"?><OAI-PMH xmlns="http://www.openarchives.org/OAI/2.0/" xmlns:xsi="http://www.w3.org/2001/XMLSchema-instance" xsi:schemaLocation="http://www.openarchives.org/OAI/2.0/ http://www.openarchives.org/OAI/2.0/OAI-PMH.xsd"><responseDate>2026-06-07T06:37:31Z</responseDate><request verb="GetRecord" identifier="oai:riuma.uma.es:10630/33235" metadataPrefix="marc">https://riuma.uma.es/rest/oai/request</request><GetRecord><record><header><identifier>oai:riuma.uma.es:10630/33235</identifier><datestamp>2026-02-03T10:50:30Z</datestamp><setSpec>com_10630_2254</setSpec><setSpec>col_10630_37953</setSpec></header><metadata><record xmlns="http://www.loc.gov/MARC21/slim" xmlns:dcterms="http://purl.org/dc/terms/" xmlns:doc="http://www.lyncode.com/xoai" xmlns:xsi="http://www.w3.org/2001/XMLSchema-instance" xsi:schemaLocation="http://www.loc.gov/MARC21/slim http://www.loc.gov/standards/marcxml/schema/MARC21slim.xsd">
   <leader>00925njm 22002777a 4500</leader>
   <datafield ind2=" " ind1=" " tag="042">
      <subfield code="a">dc</subfield>
   </datafield>
   <datafield ind2=" " ind1=" " tag="720">
      <subfield code="a">Aragüez-Valenzuela, Lucía Dolores</subfield>
      <subfield code="e">author</subfield>
   </datafield>
   <datafield ind2=" " ind1=" " tag="260">
      <subfield code="c">2020-03</subfield>
   </datafield>
   <datafield ind2=" " ind1=" " tag="520">
      <subfield code="a">La prestación de servicios organizados a través de plataformas digitales ha de preservar, en todo caso, el carácter personal y relacional de la relación laboral. Sin embargo, en los nuevos modelos de trabajo de tipo colaborativo existe cierta pérdida del carácter personal de la relación laboral, siendo prácticamente indiferente si la persona encargada de efectuar el trabajo es sustituida por otra o incluso por los propios elementos tecnológicos. Además, nos encontramos con unos modelos de negocio que continuamente están cambiando debido a la evolución tecnológica, lo cual redunda en la ausencia de normas e instituciones indispensables para mantener una situación con cierta seguridad jurídica. En este trabajo reflexionaremos sobre los nuevos modelos de “trabajo colaborativo” en los que parece atribuirse poca relevancia al ser humano que presta el servicio (el trabajador), ocasionando que sea más importante vender el servicio y obtener unas ganancias. Esta situación resulta desalentadora para el propio Derecho del Trabajo que siempre ha perseguido priorizar al trabajador para que no sea considerado como una mera “mercancía”.</subfield>
   </datafield>
   <datafield ind1="8" ind2=" " tag="024">
      <subfield code="a">https://hdl.handle.net/10630/33235</subfield>
   </datafield>
   <datafield tag="653" ind2=" " ind1=" ">
      <subfield code="a">Relaciones laborales</subfield>
   </datafield>
   <datafield ind2="0" ind1="0" tag="245">
      <subfield code="a">La consideración del trabajador como mercancía en la economía de plataformas virtuales</subfield>
   </datafield>
</record>
</metadata></record></GetRecord></OAI-PMH>